Регионална библиотека "Любен Каравелов" - Русе

Сборник проповеди (Запис номер 467558)

MARC детайли
000 -Лидер
Контролно поле с фиксирана дължина nam a22 7a 4500
003 - Код на организацията, давaща контролен номер
Контролно поле BLK
005 - Дата и час на последна редакция
Контролно поле 20221013114717.0
008 - Елементи от данни с фиксирана дължина
fixed length control field 200406b bu ||||| |||| 00| 0 bu d
040 ## - Източник на каталожния запис
Идентификатор на билиотеката - собственик на записа BLK
041 ## - Код за език
Код за езика на текст/звукозапис или на отделно заглавие Български
Код за езика КДБФ Български
080 ## - УДК
Текстов определител УДК Пастирско богословие
УДК код - определител по УДК 25
УДК - код + определител 25
100 ## - Редна дума - Автор
Автор Софроний Доростолски и Червенски митрополит
Авторска отговорност първи автор
R(LIN) 1299
139 ## - Редно поле
Редна дума Софроний Доростолски и Червенски митрополит
Авторски знак Соф - С 53
245 ## - Сведения за заглавието
Заглавие Сборник проповеди
Подзаглавни данни В 3 т.
Редно поле (дума) Софроний Доростолски и Червенски митрополит
Том Т. 3
260 ## - Област на издателските данни
9 (RLIN) 209782
Място на издаване, разпространение и проч. София
Име на издателя, разпространителя и проч. Синод. изд. на Бълг. православна църква
Година на издаване 1980
Издателство - префикс ISBN 954-8398-
300 ## - Физическа характеристика
Размери/Мащаб 23 см
380 ## - Жанр
Жанр Религия. Теология
500 ## - Общи забележки
Забележка Проповеди за светийски и други празници по месеци
653 #7 - Ключова дума – ненормативна
9 (RLIN) 196124
Ключова дума сборници
653 #0 - Ключова дума – ненормативна
9 (RLIN) 458171
Ключова дума православни проповеди
760 ## - Описание на основната серия
Редна дума на основното описание Софроний Доростолски и Червенски митрополит
Страници - том 384 с., 1 л. портр.
Част - том Т. 3
Заглавие Сборник проповеди
852 ## - Местоположение
Форматна сигнатура Цб 65794
Фондова буква Хранилище
856 ## - Електронен адрес и достъп
Инструкция (цена за достъп) 0.00
Права за достъп disable
999 ## - СИСТЕМНИ КОНТРОЛНИ НОМЕРА
Koha biblionumber 467558
Koha biblioitemnumber 467558
942 ## - АРТИКУЛИ
Вид на библиотечния материал Книги
Скрит в OPAC Не
Периодичен библиозапис Да
944 ## - СЪЗДАВАНЕ И РЕДАКЦИЯ на ЗАПИСА
Създаване/Редакция Създаване
Дата на регистрацията/редакция 2022-07-21
Служител, извършил регистрацията/редакцията ир
999 ## - СИСТЕМНИ КОНТРОЛНИ НОМЕРА
Koha biblioitemnumber 467558
999 ## - СИСТЕМНИ КОНТРОЛНИ НОМЕРА
Koha biblioitemnumber 467558
Наличности
Код за отписване Код за изгубен артикул Източник на класификационната схема Код за повреда Коз за рестрикции Код за отдаване Артикулен № Име на библиотеката - собственик Име на библиотеката, в която се намира в момента Статус (Текущо местоположение) Дата на вписване в системата Местоположение - отдел Цена в лева Инвентарен номер Систематично азбучна сигнатура Баркод Цена в евро Служебен тип на артикула
  Не е изгубен Universal Decimal Classification Не е повреден само за читалня ползва се в читалня 897107 Регионална библиотека "Любен Каравелов" Русе Регионална библиотека "Любен Каравелов" Русе Хранилище 2022-07-23 Хранилище 6.60 297609 Цб 65794 120000297609 3.37 Книги
Vip Innovations Ltd, Rousse, Bulgaria 2025